Kreise des Königreichs Bayern im Jahr 1808 auf einer Karte - Statistiken

Allgemein
  • Dieses Quiz wurde 42 mal gespielt
  • Das Durchschnittsergebnis liegt bei 7 aus 15
Antworten auf der Karte
Die Antworten werden auf der Karte rot bzw. grün angezeigt, abhängig davon wie oft sie richtig erraten wurden.
 
Antwortstatistiken
Kreise % Korrekt
Regen
94%
Inn
77%
Isar
71%
Lech
68%
Main
65%
Altmühl
52%
Iller
48%
Naab
45%
Pegnitz
42%
Salzach
42%
Etsch
39%
Oberdonau
35%
Unterdonau
35%
Eisack
13%
Rezat
10%
Keine übereinstimmenden Quizze gefunden
Verteilung der Resultate
Anzahl Personen mit jedem Resultat
Perzentil nach korrekt beantworteten Fragen
Ihre Resultats-Entwicklung
Sie haben dieses Quiz noch nicht gespielt